[Event "OLBA 2122 SK Ettlingen - SV Hockenheim"]
[Site "?"]
[Date "2022.04.09"]
[Round "10.5"]
[White "Moeldner, Juergen"]
[Black "Tschann, Stephan"]
[Result "0-1"]
[WhiteElo "2249"]
[BlackElo "2223"]
[PlyCount "74"]
[EventDate "2022.??.??"]

1. e4 c5 2. Nf3 d6 3. d4 cxd4 4. Nxd4 Nf6 5. Nc3 a6 6. h3 e5 7. Nde2 h5 8. g3
b5 9. Bg5 Bb7 10. a4 Nbd7 11. Bg2 b4 12. Nd5 Bxd5 13. exd5 Be7 14. O-O O-O 15.
Be3 Qc7 16. Qd2 Rab8 17. Rfc1 Nc5 18. Qd1 Nfd7 19. b3 f5 20. f4 Bf6 21. Rab1
Rfe8 22. fxe5 Nxe5 23. Nf4 Nc4 24. Bd4 Ne3 25. Qd2 Nxg2 26. Kxg2 Ne4 27. Qd3
Bxd4 28. Qxd4 Nc3 29. Ra1 Ne2 30. Qd3 Nxc1 31. Rxc1 Re4 32. Nxh5 Rbe8 33. Nf4
Re3 34. Qxf5 Qc3 35. Rf1 Rxg3+ 36. Kh2 Ree3 37. Rf2 Qe1 0-1

[Event "OLBA 2122 SK Ettlingen - SV Hockenheim"]
[Site "?"]
[Date "2022.04.09"]
[Round "10.6"]
[White "Wehner, Roland"]
[Black "Guenthner, Oliver"]
[Result "1-0"]
[WhiteElo "2263"]
[BlackElo "2154"]
[PlyCount "41"]
[EventDate "2022.??.??"]

1. e4 c5 2. c3 d5 3. exd5 Qxd5 4. d4 Nc6 5. Nf3 Bg4 6. dxc5 Qxd1+ 7. Kxd1
O-O-O+ 8. Nbd2 e5 9. b4 e4 10. h3 Bf5 11. g4 Bxg4 12. hxg4 exf3 13. Kc2 Ne5 14.
g5 Ne7 15. Nc4 N7g6 16. Nxe5 Nxe5 17. Bf4 f6 18. Bh3+ Kb8 19. Rhe1 b6 20. gxf6
gxf6 21. Rxe5 1-0

[Event "OLBA 2122 SK Ettlingen - SV Hockenheim"]
[Site "?"]
[Date "2022.04.09"]
[Round "10.7"]
[White "Ptak, Ferdinand"]
[Black "Loewe, Lennard"]
[Result "1-0"]
[WhiteElo "2024"]
[BlackElo "2207"]
[PlyCount "77"]
[EventDate "2022.??.??"]

1. c4 Nf6 2. g3 e6 3. Bg2 d5 4. Nf3 c5 5. O-O Nc6 6. b3 Be7 7. e3 O-O 8. Bb2 d4
9. exd4 cxd4 10. Re1 Re8 11. d3 Bf8 12. a3 a5 13. Ne5 Bd7 14. Nxd7 Qxd7 15. Nd2
e5 16. Ne4 Nxe4 17. Bxe4 Rad8 18. Bc1 Bd6 19. Bd2 Ra8 20. Qc2 b6 21. Qb2 Ra7
22. b4 axb4 23. axb4 Rea8 24. Rxa7 Rxa7 25. Ra1 Rxa1+ 26. Qxa1 Qa7 27. Qxa7
Nxa7 28. Bb7 Kf8 29. g4 Ke7 30. Kg2 Kd7 31. b5 Nc8 32. Bxc8+ Kxc8 33. Kf3 Kd7
34. Ke4 Ke6 35. f4 g6 36. f5+ gxf5+ 37. gxf5+ Kd7 38. Bg5 Be7 39. Bh6 1-0

[Event "OLBA 2122 SK Ettlingen - SV Hockenheim"]
[Site "?"]
[Date "2022.04.09"]
[Round "10.8"]
[White "Reichel, Jonathan"]
[Black "Guenther, Christian"]
[Result "1-0"]
[WhiteElo "2090"]
[BlackElo "1933"]
[PlyCount "125"]
[EventDate "2022.??.??"]

1. e4 c5 2. Nf3 d6 3. Bb5+ Nd7 4. O-O a6 5. Bd3 g6 6. Re1 Bg7 7. c3 b5 8. a4 c4
9. Bf1 Bb7 10. d4 cxd3 11. axb5 axb5 12. Rxa8 Qxa8 13. Bxd3 Ngf6 14. Bxb5 O-O
15. Nbd2 Rd8 16. Qe2 Nc5 17. Bd3 d5 18. e5 Nfe4 19. h3 Nxd3 20. Qxd3 Nc5 21.
Qe3 Qc8 22. Nd4 Ba6 23. N2f3 Ne4 24. Nd2 Nc5 25. Rd1 Nd3 26. e6 f5 27. N2f3 f4
28. Qd2 Nc5 29. Qxf4 Nxe6 30. Nxe6 Qxe6 31. Re1 Qf6 32. Qc7 Re8 33. Bg5 Qf7 34.
Rxe7 Rxe7 35. Qxe7 Qxe7 36. Bxe7 Kf7 37. Bc5 h6 38. Bd4 Bf8 39. Ne5+ Kf6 40. g3
h5 41. Kg2 Bd6 42. Nf3+ Ke6 43. Be3 Be5 44. Nh4 Bd3 45. f4 Bf6 46. Nf3 Kf5 47.
Kf2 Ba6 48. Bd4 Be7 49. Ke3 g5 50. fxg5 Bxg5+ 51. Nxg5 Kxg5 52. Be5 Kf5 53. Bc7
Bf1 54. Kd4 Ke6 55. h4 Be2 56. Kc5 Kd7 57. Kb6 Kc8 58. b4 Bd3 59. b5 Be2 60.
Bf4 Bd3 61. Be5 Be2 62. Kc6 Bf3 63. Bd4 1-0

[Event "OLBA 2122 Karlsruher SF 1853 - SC Viern"]
[Site "?"]
[Date "2022.04.09"]
[Round "10.1"]
[White "Zaragatski, Ilja"]
[Black "Ruff, Maximilian"]
[Result "0-1"]
[WhiteElo "2519"]
[BlackElo "2295"]
[PlyCount "80"]
[EventDate "2022.??.??"]

1. Nf3 c5 2. g3 g6 3. Bg2 Bg7 4. c4 Nc6 5. Nc3 e5 6. a3 Nge7 7. O-O O-O 8. b4
d5 9. cxd5 Nxd5 10. Ng5 Ndxb4 11. axb4 cxb4 12. Nce4 h6 13. Nf3 f5 14. Nh4 fxe4
15. Nxg6 Rf6 16. Nh4 Be6 17. Bb2 Bd5 18. Qb1 a5 19. Bxe4 Bxe4 20. Qxe4 Qxd2 21.
Rab1 Rd8 22. Rbd1 Qxb2 23. Rxd8+ Nxd8 24. Nf5 Qd2 25. Qxe5 Nc6 26. Qe8+ Kh7 27.
e4 b3 28. Qc8 Rf7 29. Qe6 Qd7 30. Qxb3 Nd4 31. Nxd4 Bxd4 32. Kg2 a4 33. Qd3 Be5
34. Qb1 Qd4 35. Kh3 Qd7+ 36. Kg2 Qd4 37. Kh3 Qb2 38. Qd3 Qb3 39. Qd8 Qe6+ 40.
Kg2 Rd7 0-1

[Event "OLBA 2122 Karlsruher SF 1853 - SC Viern"]
[Site "?"]
[Date "2022.04.09"]
[Round "10.2"]
[White "Duschek, Volker"]
[Black "Beikert, Guenther"]
[Result "1/2-1/2"]
[WhiteElo "2278"]
[BlackElo "2370"]
[PlyCount "32"]
[EventDate "2022.??.??"]

1. e4 c6 2. d4 d5 3. exd5 cxd5 4. c4 Nf6 5. Nc3 g6 6. cxd5 Nxd5 7. Bc4 Nxc3 8.
Qb3 e6 9. bxc3 Bg7 10. Ba3 Bf8 11. Nf3 Bxa3 12. Qxa3 Qe7 13. Qc1 O-O 14. Qh6
Qf6 15. O-O Nc6 16. Rfe1 Bd7 1/2-1/2

[Event "OLBA 2122 Karlsruher SF 1853 - SC Viern"]
[Site "?"]
[Date "2022.04.09"]
[Round "10.3"]
[White "Lanka, Zigurds"]
[Black "Pfatteicher, Lukas"]
[Result "1-0"]
[WhiteElo "2385"]
[BlackElo "2153"]
[PlyCount "71"]
[EventDate "2022.??.??"]

1. c4 g6 2. Nc3 Bg7 3. g3 c5 4. Bg2 Nc6 5. e4 Nd4 6. Nge2 d6 7. h3 e6 8. d3 Ne7
9. Nxd4 cxd4 10. Ne2 e5 11. Bd2 O-O 12. g4 f5 13. exf5 gxf5 14. Ng3 Ng6 15.
Nxf5 Bxf5 16. gxf5 Rxf5 17. Be4 Rf8 18. Qh5 Qh4 19. Qxh4 Nxh4 20. Bxb7 Rab8 21.
Bd5+ Kh8 22. Bc1 Rf6 23. Ke2 Rbf8 24. Rh2 Nf3 25. Bxf3 Rxf3 26. Bg5 e4 27. Rd1
Be5 28. Rg2 Rxd3 29. Rxd3 exd3+ 30. Kxd3 Rf3+ 31. Ke4 Rxh3 32. c5 d3 33. cxd6
d2 34. Bxd2 Bxb2 35. d7 Rh4+ 36. f4 1-0

[Event "OLBA 2122 Karlsruher SF 1853 - SC Viern"]
[Site "?"]
[Date "2022.04.09"]
[Round "10.4"]
[White "Joeres, Stefan"]
[Black "Meinhardt, Maximilian"]
[Result "1/2-1/2"]
[WhiteElo "2178"]
[BlackElo "2378"]
[PlyCount "68"]
[EventDate "2022.??.??"]

1. e4 e6 2. d4 d5 3. Nd2 Nc6 4. Ngf3 Nf6 5. e5 Nd7 6. Be2 f6 7. exf6 Nxf6 8.
Nf1 Bd6 9. Ne3 O-O 10. O-O b6 11. c4 Ne7 12. b3 c5 13. Bb2 h6 14. cxd5 Nexd5
15. Nc4 Nf4 16. Nfe5 Bxe5 17. Bf3 Ba6 18. dxe5 N6d5 19. Bc1 Rb8 20. Re1 Bb7 21.
Bxf4 Rxf4 22. Re4 Qg5 23. Qd2 Rbf8 24. Rae1 Ba8 25. Rxf4 Nxf4 26. Bxa8 Rxa8 27.
g3 Rf8 28. Kh1 Nd5 29. Qxg5 hxg5 30. Kg2 Kf7 31. Nd6+ Kg6 32. a4 Nb4 33. Re4
Nd3 34. f3 Rd8 1/2-1/2

[Event "OLBA 2122 Karlsruher SF 1853 - SC Viern"]
[Site "?"]
[Date "2022.04.09"]
[Round "10.5"]
[White "Muetsch, Annmarie"]
[Black "Pfrommer, Christoph"]
[Result "1-0"]
[WhiteElo "2263"]
[BlackElo "2289"]
[PlyCount "79"]
[EventDate "2022.??.??"]

1. e4 c6 2. d4 d5 3. e5 c5 4. c3 Nc6 5. Nf3 cxd4 6. cxd4 Bg4 7. Nbd2 e6 8. Be2
Bb4 9. O-O Bxd2 10. Qxd2 Nge7 11. b3 Nf5 12. Bb2 O-O 13. Rad1 Qb6 14. h3 Bxf3
15. Bxf3 a5 16. Bc3 a4 17. b4 a3 18. Be2 Rfc8 19. g4 Nh4 20. f4 Ne7 21. Qd3 Qc7
22. Be1 Nhg6 23. f5 Nf8 24. f6 Neg6 25. Qe3 Qc2 26. Rd3 Qxa2 27. Bd2 Rc2 28.
Bd1 Rxd2 29. Rxd2 Qc4 30. Bb3 Qxb4 31. Rdf2 a2 32. Rxa2 Rc8 33. Rc2 Rxc2 34.
Bxc2 Qb2 35. fxg7 Kxg7 36. Qf2 Nh8 37. h4 Nfg6 38. h5 Nf4 39. Qxf4 Qxc2 40. Rc1
1-0

[Event "OLBA 2122 Karlsruher SF 1853 - SC Viern"]
[Site "?"]
[Date "2022.04.09"]
[Round "10.6"]
[White "Schlager, Thomas"]
[Black "Schmohel, Andreas"]
[Result "1/2-1/2"]
[WhiteElo "2211"]
[BlackElo "1933"]
[PlyCount "42"]
[EventDate "2022.??.??"]

1. d4 d5 2. c4 e6 3. Nc3 c5 4. cxd5 exd5 5. Nf3 Nc6 6. dxc5 d4 7. Na4 Bxc5 8.
Nxc5 Qa5+ 9. Bd2 Qxc5 10. Rc1 Qb6 11. e3 Nge7 12. Nxd4 Nxd4 13. exd4 O-O 14.
Bc4 Qxb2 15. O-O Bg4 16. Bc3 Qxc3 17. Rxc3 Bxd1 18. Rxd1 Rac8 19. Rdc1 Rcd8 20.
Bb3 Nd5 21. Bxd5 Rxd5 1/2-1/2

[Event "OLBA 2122 Karlsruher SF 1853 - SC Viern"]
[Site "?"]
[Date "2022.04.09"]
[Round "10.7"]
[White "Mueller, Michael"]
[Black "Koll, Linus"]
[Result "1-0"]
[WhiteElo "2172"]
[BlackElo "1970"]
[PlyCount "89"]
[EventDate "2022.??.??"]

1. d4 Nf6 2. Nf3 e6 3. Bf4 b6 4. e3 Bb7 5. Bd3 Be7 6. Nbd2 O-O 7. h3 c5 8. O-O
d5 9. c3 Ne4 10. Qe2 Nd7 11. Rfd1 f5 12. Bxe4 fxe4 13. Ne5 Nxe5 14. Bxe5 Bh4
15. g3 Bf6 16. Qg4 Qe7 17. f3 Bxe5 18. dxe5 exf3 19. Nxf3 d4 20. e4 Ba6 21. Rd2
dxc3 22. bxc3 Rad8 23. Rg2 Rd3 24. Ng5 Bc4 25. h4 h6 26. Nh3 Rxc3 27. Nf4 Rd8
28. Re1 Ra3 29. Rc1 b5 30. Rcc2 Ra6 31. Rgf2 Bd3 32. Ng6 Qc7 33. Rcd2 c4 34.
Qf4 Rb6 35. h5 Rbb8 36. Qg4 Rb6 37. Rf4 Qd7 38. Rdf2 Rbb8 39. Qf3 Qd4 40. Kh2
Qc5 41. Rf7 Qxf2+ 42. Qxf2 Bxe4 43. Rxg7+ Kxg7 44. Qf6+ Kh7 45. Qf7# 1-0

[Event "OLBA 2122 Karlsruher SF 1853 - SC Viern"]
[Site "?"]
[Date "2022.04.09"]
[Round "10.8"]
[White "Fidlin, Simon"]
[Black "Al Helaoy, Majed"]
[Result "1-0"]
[WhiteElo "1941"]
[BlackElo "2042"]
[PlyCount "92"]
[EventDate "2022.??.??"]

1. e4 c6 2. d4 d5 3. e5 Bf5 4. Nf3 e6 5. Be2 Nd7 6. O-O f6 7. exf6 Ngxf6 8. Bf4
Ne4 9. Nbd2 Be7 10. Nxe4 Bxe4 11. Bd3 O-O 12. Bg3 Bxf3 13. gxf3 Bf6 14. Re1 Qb6
15. c3 Rae8 16. Qc2 g6 17. Re2 c5 18. Qa4 Re7 19. Bb5 Rd8 20. Bxd7 Rdxd7 21.
dxc5 Qxc5 22. Rxe6 Rxe6 23. Qxd7 Qc6 24. Qxc6 bxc6 25. Kf1 d4 26. cxd4 Bxd4 27.
Rb1 a5 28. b3 Bc3 29. Rc1 Bb4 30. Bf4 Kf7 31. Be3 Ke8 32. Bc5 Bd2 33. Rc2 Bf4
34. Rc4 Bd2 35. Re4 Kf7 36. Ke2 Bf4 37. h3 Bc7 38. Kd3 Bd8 39. Rd4 Ke8 40. Rf4
h6 41. Rf8+ Kd7 42. Rf7+ Kc8 43. f4 Bc7 44. f5 gxf5 45. Rxf5 Rg6 46. Be3 Bd6
1-0

[Event "OLBA 2122 OSG Baden-Baden III - SC Unte"]
[Site "?"]
[Date "2022.04.09"]
[Round "10.1"]
[White "Rogic, Davor"]
[Black "Milov, Vadim"]
[Result "1-0"]
[WhiteElo "2453"]
[BlackElo "2602"]
[PlyCount "65"]
[EventDate "2022.??.??"]

1. e4 c5 2. Nf3 e6 3. d4 cxd4 4. Nxd4 a6 5. c4 Nf6 6. Nc3 Bb4 7. Qf3 d6 8. Nc2
Ba5 9. b4 Bc7 10. Be2 Nc6 11. Bb2 Ne5 12. Qg3 Ng6 13. Rd1 Qe7 14. Qe3 O-O 15.
O-O Bd7 16. Kh1 Rfc8 17. a3 Rab8 18. f4 Be8 19. Nd4 Bb6 20. Qg3 a5 21. f5 Ne5
22. fxe6 fxe6 23. c5 dxc5 24. Qxe5 cxd4 25. Nd5 Nxd5 26. exd5 Ba4 27. Rde1 Bc7
28. Qxd4 e5 29. Qe4 Be8 30. Bg4 Rd8 31. Be6+ Kh8 32. Qh4 g5 33. Rxe5 1-0

[Event "OLBA 2122 OSG Baden-Baden III - SC Unte"]
[Site "?"]
[Date "2022.04.09"]
[Round "10.2"]
[White "Schmaltz, Roland"]
[Black "Boric, Muhamed"]
[Result "1/2-1/2"]
[WhiteElo "2460"]
[BlackElo "2353"]
[PlyCount "44"]
[EventDate "2022.??.??"]

1. e4 c5 2. Nf3 d6 3. c3 Nf6 4. Be2 g6 5. O-O Bg7 6. Re1 O-O 7. Bf1 Nc6 8. h3
e5 9. d3 d5 10. exd5 Nxd5 11. a4 Bf5 12. Na3 Qc7 13. Nc4 Rad8 14. Qb3 h6 15. a5
Rfe8 16. Qb5 b6 17. axb6 axb6 18. Ne3 Nxe3 19. Bxe3 Bd7 20. Qb3 Be6 21. Qb5 Bd7
22. Qb3 Be6 1/2-1/2

[Event "OLBA 2122 OSG Baden-Baden III - SC Unte"]
[Site "?"]
[Date "2022.04.09"]
[Round "10.3"]
[White "Podat, Vladimir"]
[Black "Trifan, Andrei Ioan"]
[Result "1/2-1/2"]
[WhiteElo "2285"]
[BlackElo "2253"]
[PlyCount "70"]
[EventDate "2022.??.??"]

1. d4 Nf6 2. Nf3 g6 3. Bf4 Bg7 4. Nc3 d5 5. Nb5 Na6 6. h3 O-O 7. e3 Ne4 8. a4
c6 9. Na3 c5 10. Be2 cxd4 11. exd4 Nb4 12. O-O b6 13. c3 Nc6 14. Nb1 Bb7 15.
Nbd2 Rc8 16. Re1 Re8 17. Bd3 Nxd2 18. Qxd2 Qd7 19. Qe2 f6 20. Bb5 e5 21. dxe5
fxe5 22. Nxe5 Qf5 23. Bxc6 Rxc6 24. Qg4 Rce6 25. Qxf5 gxf5 26. Nf3 Rxe1+ 27.
Rxe1 Rxe1+ 28. Nxe1 Bc6 29. Bb8 d4 30. cxd4 Bxd4 31. Bxa7 Bxb2 32. Bxb6 Bxa4
33. Nf3 Bc6 34. Bd4 Bxf3 35. Bxb2 Bc6 1/2-1/2

[Event "OLBA 2122 OSG Baden-Baden III - SC Unte"]
[Site "?"]
[Date "2022.04.09"]
[Round "10.4"]
[White "Schlosser, Philipp"]
[Black "Schneider, Bernd"]
[Result "1-0"]
[WhiteElo "2506"]
[BlackElo "2230"]
[PlyCount "119"]
[EventDate "2022.??.??"]

1. d4 Nf6 2. c4 e6 3. Nc3 d5 4. Nf3 a6 5. cxd5 exd5 6. Bg5 Be7 7. e3 c6 8. Bd3
h6 9. Bf4 Nbd7 10. h3 Nf8 11. Qc2 Ne6 12. Be5 Bd6 13. O-O-O Ng5 14. Nxg5 hxg5
15. f4 gxf4 16. exf4 Kf8 17. g4 b5 18. Kb1 Bb7 19. Ne2 Ne8 20. Ng3 f6 21. Bxd6+
Nxd6 22. Qc5 Kg8 23. Rde1 Qf8 24. b3 Rd8 25. h4 Bc8 26. f5 Bd7 27. h5 Nc8 28.
Qc1 Qd6 29. Ne2 a5 30. Nf4 a4 31. Ng6 Rh6 32. Re3 axb3 33. axb3 Qb4 34. Qb2 Re8
35. Rhh3 Nd6 36. Bc2 c5 37. Ne7+ Kf8 38. Nxd5 Qxd4 39. Qxd4 cxd4 40. Rxe8+ Kxe8
41. Rd3 Bc6 42. Rxd4 Bxd5 43. Rxd5 Kd7 44. Rc5 Rh8 45. Bd3 Rb8 46. b4 Ke7 47.
Kb2 Rb7 48. Kc3 Ra7 49. Kd4 Rd7 50. Rd5 Ra7 51. Bxb5 Ra2 52. Bd3 Rg2 53. Kc5
Nf7 54. b5 Rg1 55. b6 Rc1+ 56. Bc4 Nd8 57. Rd3 Nb7+ 58. Kb4 Nd6 59. Bd5 Kd7 60.
Rc3 1-0

[Event "OLBA 2122 OSG Baden-Baden III - SC Unte"]
[Site "?"]
[Date "2022.04.09"]
[Round "10.5"]
[White "Kountz, Jochen"]
[Black "Kaczmarczyk, Dennis"]
[Result "0-1"]
[WhiteElo "2290"]
[BlackElo "2465"]
[PlyCount "94"]
[EventDate "2022.??.??"]

1. e4 e6 2. d4 d5 3. Nc3 Nf6 4. e5 Nfd7 5. f4 c5 6. Nf3 Nc6 7. Be3 a6 8. Qd2 b5
9. dxc5 Bxc5 10. Bxc5 Nxc5 11. Qf2 Qb6 12. Bd3 b4 13. Ne2 a5 14. O-O Ba6 15.
Rad1 Na4 16. Qxb6 Nxb6 17. b3 Ke7 18. Ned4 Rhc8 19. Nxc6+ Rxc6 20. Nd4 Rc3 21.
Rf3 Bxd3 22. Rdxd3 Rxd3 23. Rxd3 Rc8 24. Rd1 Nd7 25. a3 bxa3 26. Ra1 f6 27.
Rxa3 fxe5 28. fxe5 Nxe5 29. Rxa5 Nf7 30. Ra6 Nd8 31. Kf1 g6 32. Ra7+ Kf6 33.
Rxh7 e5 34. Nf3 e4 35. Ne1 Nf7 36. Ke2 d4 37. h4 Rc3 38. g4 Re3+ 39. Kd2 Rh3
40. g5+ Ke6 41. b4 Nd6 42. Ke2 Nc4 43. Ng2 d3+ 44. cxd3 exd3+ 45. Kf2 d2 46.
Nf4+ Ke5 47. Nxg6+ Kf5 0-1

[Event "OLBA 2122 OSG Baden-Baden III - SC Unte"]
[Site "?"]
[Date "2022.04.09"]
[Round "10.6"]
[White "Mohebbi, Jafar"]
[Black "Raupp, Thomas"]
[Result "1/2-1/2"]
[WhiteElo "2233"]
[BlackElo "2286"]
[PlyCount "74"]
[EventDate "2022.??.??"]

1. d4 d5 2. Nf3 Nf6 3. c4 dxc4 4. g3 a6 5. Bg2 e6 6. O-O b5 7. Ne5 c6 8. Nxc6
Qb6 9. Nxb8 Rxb8 10. e4 Bb7 11. d5 Rd8 12. Qe2 Bc5 13. a4 O-O 14. axb5 axb5 15.
Bd2 Ra8 16. Nc3 exd5 17. Nxd5 Nxd5 18. exd5 Rae8 19. Qg4 f5 20. Qf4 Bd6 21. Be3
Bxf4 22. Bxb6 Be5 23. Ra7 Rb8 24. Re1 Bxb2 25. Bc7 c3 26. Bxb8 Rxb8 27. Re2 b4
28. Ra2 Rc8 29. d6 Be4 30. d7 Rd8 31. Bxe4 fxe4 32. Raxb2 cxb2 33. Rxb2 Rxd7
34. Rxb4 Rd1+ 35. Kg2 Re1 36. Rb7 Kf8 37. g4 e3 1/2-1/2

[Event "OLBA 2122 OSG Baden-Baden III - SC Unte"]
[Site "?"]
[Date "2022.04.09"]
[Round "10.7"]
[White "Sieglen, Joachim"]
[Black "Schmitt, Daniel"]
[Result "1/2-1/2"]
[WhiteElo "2155"]
[BlackElo "2099"]
[PlyCount "62"]
[EventDate "2022.??.??"]

1. d4 d5 2. c4 e6 3. Nf3 Nf6 4. Bg5 Be7 5. Nc3 O-O 6. e3 Nbd7 7. Rc1 h6 8. Bh4
b6 9. cxd5 exd5 10. Bb5 Bb7 11. O-O c6 12. Ba4 Rc8 13. Bg3 Nh5 14. Re1 Nxg3 15.
hxg3 Nf6 16. a3 Bd6 17. Bc2 Rc7 18. Bb1 Re8 19. e4 dxe4 20. Nxe4 Nxe4 21. Bxe4
c5 22. Bxb7 Rxb7 23. Rxe8+ Qxe8 24. dxc5 Bxc5 25. b4 Bf8 26. Qc2 a5 27. Qc8 Rb8
28. Qxe8 Rxe8 29. Rc6 axb4 30. axb4 Bxb4 31. Rxb6 Bc5 1/2-1/2

[Event "OLBA 2122 OSG Baden-Baden III - SC Unte"]
[Site "?"]
[Date "2022.04.09"]
[Round "10.8"]
[White "Schulz, Victor"]
[Black "Nied, Pascal"]
[Result "0-1"]
[WhiteElo "1502"]
[BlackElo "1981"]
[PlyCount "72"]
[EventDate "2022.??.??"]

1. e4 e6 2. d4 d5 3. Nd2 Nf6 4. e5 Nfd7 5. Bd3 c5 6. c3 Nc6 7. Ne2 cxd4 8. cxd4
f6 9. exf6 Nxf6 10. Nf3 Bd6 11. Bg5 O-O 12. O-O Qc7 13. Rc1 Ng4 14. Ng3 a6 15.
a3 g6 16. h3 Nxf2 17. Rxf2 Bxg3 18. Rfc2 Qg7 19. Be3 Bf4 20. Bxf4 Rxf4 21. Ne5
Bd7 22. Nxd7 Qxd7 23. Qe1 Rxd4 24. Qe3 e5 25. Rf1 Rf8 26. Rxf8+ Kxf8 27. Rf2+
Kg7 28. Qg5 Qe7 29. Qe3 Qd6 30. Qf3 Rf4 31. Qe3 Rxf2 32. Qxf2 Nd4 33. Qd2 Qc5
34. Kf1 e4 35. Be2 Nxe2 36. Qxe2 Qc4 0-1

[Event "OLBA 2122 SC Emmendingen - SF Bad Merge"]
[Site "?"]
[Date "2022.04.10"]
[Round "11.1"]
[White "Ikonnikov, Vyacheslav"]
[Black "Korpa, Bence"]
[Result "1/2-1/2"]
[WhiteElo "2493"]
[BlackElo "2536"]
[PlyCount "28"]
[EventDate "2022.??.??"]

1. d4 d5 2. Nf3 e6 3. c4 a6 4. cxd5 exd5 5. Nc3 Nf6 6. Bg5 Be6 7. e3 Nbd7 8.
Bd3 h6 9. Bh4 g5 10. Bg3 Nh5 11. Be5 Nhf6 12. Bg3 Nh5 13. Be5 Nhf6 14. Bg3 Nh5
1/2-1/2

[Event "OLBA 2122 SC Emmendingen - SF Bad Merge"]
[Site "?"]
[Date "2022.04.10"]
[Round "11.2"]
[White "Lodici, Lorenzo"]
[Black "Rakotomaharo, Fy Antenaina"]
[Result "1/2-1/2"]
[WhiteElo "2545"]
[BlackElo "2475"]
[PlyCount "149"]
[EventDate "2022.??.??"]

1. d4 Nf6 2. Nf3 d5 3. c4 e6 4. Bg5 dxc4 5. Qa4+ Nbd7 6. e3 Be7 7. Nc3 O-O 8.
Qxc4 c5 9. dxc5 Nxc5 10. Bxf6 gxf6 11. Be2 Qb6 12. Rb1 a5 13. O-O Qb4 14. Nd4
Rd8 15. Rfd1 f5 16. Rd2 Bd7 17. Rbd1 Rac8 18. Nc2 Qxb2 19. Rb1 b5 20. Qd4 Nb3
21. axb3 Qxc3 22. Qxc3 Rxc3 23. Rbd1 a4 24. bxa4 bxa4 25. g3 Kf8 26. Rxd7 Rxd7
27. Rxd7 Rxc2 28. Bd1 Ra2 29. Kg2 a3 30. Bb3 Rb2 31. Bc4 Bc5 32. Kf3 Rb6 33.
Rc7 Bb4 34. Ba2 Kg7 35. Rc2 Kf6 36. Ke2 Rd6 37. f4 Rd8 38. Bb3 Rd7 39. Ba2 Ke7
40. Kf3 Rd1 41. Ke2 Re1+ 42. Kd3 Kd6 43. Re2 Rc1 44. Rc2 Rd1+ 45. Ke2 Ra1 46.
Bb3 Bc5 47. Kd3 h5 48. Bc4 Rd1+ 49. Ke2 Rb1 50. Kd3 Bb6 51. Ba2 Rd1+ 52. Rd2
Rc1 53. e4 Ba5 54. Re2 fxe4+ 55. Kxe4 Bc3 56. f5 Rf1 57. fxe6 fxe6 58. Kd3 Be5
59. Kc2 Rf3 60. Rd2+ Ke7 61. Rd3 Rf2+ 62. Rd2 Rf6 63. Bc4 Bd6 64. Kb3 Rf3+ 65.
Ka2 e5 66. Re2 Rc3 67. Bb3 Kd7 68. Bf7 h4 69. gxh4 Rh3 70. h5 Kc6 71. Rc2+ Bc5
72. Bg6 Rh4 73. Kb3 e4 74. h6 Rxh6 75. Bxe4+ 1/2-1/2

[Event "OLBA 2122 SC Emmendingen - SF Bad Merge"]
[Site "?"]
[Date "2022.04.10"]
[Round "11.3"]
[White "Neuman, Petr"]
[Black "Sokolov, Andrei"]
[Result "1/2-1/2"]
[WhiteElo "2386"]
[BlackElo "2473"]
[PlyCount "103"]
[EventDate "2022.??.??"]

1. c4 Nf6 2. g3 e6 3. Bg2 d5 4. Nf3 dxc4 5. Na3 Bxa3 6. bxa3 Bd7 7. Ne5 Nc6 8.
Nxc4 O-O 9. Bb2 Nd5 10. O-O Qe7 11. Qc2 Rfd8 12. Rac1 Be8 13. d4 Nb6 14. e3 f6
15. Nd2 Rac8 16. Nb3 Na4 17. Nc5 Nxc5 18. Qxc5 b6 19. Qxe7 Nxe7 20. Bb7 Rb8 21.
Rxc7 Nd5 22. Bxd5 exd5 23. Rxa7 Rdc8 24. Rc1 Rxc1+ 25. Bxc1 Rc8 26. Bd2 Rc2 27.
Ra8 Kf7 28. Bb4 Bb5 29. Ra7+ Kg8 30. g4 Be2 31. h3 h5 32. gxh5 Bxh5 33. Kg2 Be2
34. Rb7 b5 35. Rd7 Bc4 36. h4 Rxa2 37. Kg3 Ra1 38. f3 Rg1+ 39. Kh2 Rd1 40. Kg2
Rd3 41. Kf2 Rd1 42. Kg2 Bf1+ 43. Kf2 Bc4 44. Bc5 Rf1+ 45. Kg2 Re1 46. Re7 Kh7
47. Re8 Kg6 48. Kf2 Rf1+ 49. Kg2 Re1 50. Kf2 Rf1+ 51. Kg2 Re1 52. Kf2 1/2-1/2

[Event "OLBA 2122 SC Emmendingen - SF Bad Merge"]
[Site "?"]
[Date "2022.04.10"]
[Round "11.4"]
[White "Miezis, Normunds"]
[Black "Gasthofer, Alexander"]
[Result "1-0"]
[WhiteElo "2445"]
[BlackElo "2422"]
[PlyCount "69"]
[EventDate "2022.??.??"]

1. c4 e6 2. e4 d5 3. exd5 exd5 4. d4 Nf6 5. Nc3 Bb4 6. Bd3 O-O 7. Nge2 dxc4 8.
Bxc4 Nc6 9. Bg5 h6 10. Bh4 Be7 11. O-O Bf5 12. Re1 Ne4 13. Bxe7 Nxe7 14. Nf4
Nd6 15. Bb3 Ng6 16. Nxg6 Bxg6 17. Re5 Nf5 18. Rd5 Qh4 19. g3 Qe7 20. Qf3 Nd6
21. Re5 Qf6 22. Qg4 c6 23. Rae1 Bf5 24. Qe2 Rad8 25. f4 Qg6 26. Qf2 h5 27. d5
h4 28. Kg2 Kh8 29. Qxa7 cxd5 30. Nxd5 f6 31. R5e3 Be4+ 32. Kg1 Bxd5 33. Bxd5
Nf5 34. Be4 Rd7 35. Qc5 1-0

[Event "OLBA 2122 SC Emmendingen - SF Bad Merge"]
[Site "?"]
[Date "2022.04.10"]
[Round "11.5"]
[White "Gasthofer, Viktor"]
[Black "Weidemann, Joerg"]
[Result "1/2-1/2"]
[WhiteElo "2303"]
[BlackElo "2317"]
[PlyCount "56"]
[EventDate "2022.??.??"]

1. c4 Nf6 2. Nc3 c5 3. Nf3 Nc6 4. d4 cxd4 5. Nxd4 g6 6. e4 Nxd4 7. Qxd4 d6 8.
Be2 Bg7 9. Be3 O-O 10. Qd2 Be6 11. Rc1 Qa5 12. f3 Rfc8 13. b3 a6 14. Na4 Qxd2+
15. Kxd2 Nd7 16. g4 Rf8 17. h3 f5 18. exf5 gxf5 19. f4 Nf6 20. Rhg1 Rad8 21.
Ke1 Ne4 22. Bd3 Nc5 23. Nxc5 dxc5 24. Bxf5 Bxf5 25. gxf5 Rxf5 26. Rd1 Rxd1+ 27.
Kxd1 Rh5 28. Rg3 Kf7 1/2-1/2

[Event "OLBA 2122 SC Emmendingen - SF Bad Merge"]
[Site "?"]
[Date "2022.04.10"]
[Round "11.6"]
[White "Bauer, Andreas"]
[Black "Reinhardt, Bernd"]
[Result "1/2-1/2"]
[WhiteElo "2273"]
[BlackElo "2132"]
[PlyCount "61"]
[EventDate "2022.??.??"]

1. Nf3 g6 2. c4 c5 3. g3 Bg7 4. Bg2 Nc6 5. Nc3 d6 6. O-O Bd7 7. a3 Rb8 8. Rb1
a5 9. Nb5 Nf6 10. b3 Bf5 11. d3 Qd7 12. Bb2 O-O 13. Rc1 Bh3 14. d4 Nh5 15. Qd2
Bxg2 16. Kxg2 cxd4 17. Nbxd4 Rfd8 18. Rfd1 Nf6 19. Nb5 Qf5 20. Qc2 Qxc2 21.
Rxc2 Ne4 22. Bxg7 Kxg7 23. Nc3 Nxc3 24. Rxc3 Kf6 25. Ne1 e6 26. e4 Ke7 27. Nc2
Rbc8 28. Ne3 h5 29. f4 f5 30. exf5 gxf5 31. Kf2 1/2-1/2

[Event "OLBA 2122 SC Emmendingen - SF Bad Merge"]
[Site "?"]
[Date "2022.04.10"]
[Round "11.7"]
[White "Bogdanovich, Grigory"]
[Black "Kiefer, Gerhard"]
[Result "1-0"]
[WhiteElo "2305"]
[BlackElo "2227"]
[PlyCount "115"]
[EventDate "2022.??.??"]

1. d4 Nf6 2. Nf3 g6 3. Nc3 d5 4. Bf4 Bg7 5. e3 O-O 6. h3 c6 7. Bd3 b5 8. a4 b4
9. Na2 a5 10. O-O Ba6 11. Nc1 Qb6 12. Nb3 Nbd7 13. Qe2 Rfc8 14. Bxa6 Qxa6 15.
Qxa6 Rxa6 16. c3 bxc3 17. bxc3 c5 18. Rfc1 c4 19. Nbd2 Rb6 20. Rcb1 Rcc6 21.
Rb5 Rxb5 22. axb5 Rb6 23. Rxa5 Rb7 24. Ne5 Nxe5 25. Bxe5 Nd7 26. Bxg7 Kxg7 27.
Kf1 Kf8 28. Ke2 Ke8 29. e4 e6 30. exd5 exd5 31. Nf1 Ke7 32. Ne3 Kd6 33. g4 h6
34. h4 Nb6 35. Kd2 Ke6 36. Kc2 Nc8 37. Ng2 Nb6 38. Nf4+ Kd6 39. g5 hxg5 40.
hxg5 Kd7 41. Ra6 Nc8 42. Nxd5 Rxb5 43. Nf6+ Ke7 44. Ne4 Rb6 45. Ra5 Nd6 46.
Re5+ Kf8 47. Nxd6 Rxd6 48. Rc5 Ra6 49. Kd2 Ra4 50. Rc7 Ra2+ 51. Ke3 Ra3 52.
Rxc4 Ke7 53. Rc7+ Kd6 54. Rxf7 Rxc3+ 55. Ke4 Rc2 56. Rf6+ Ke7 57. f4 Re2+ 58.
Kf3 1-0

[Event "OLBA 2122 SC Emmendingen - SF Bad Merge"]
[Site "?"]
[Date "2022.04.10"]
[Round "11.8"]
[White "Vatter, Hans-Joachim"]
[Black "Kistner, Klaus"]
[Result "1/2-1/2"]
[WhiteElo "2222"]
[BlackElo "2156"]
[PlyCount "39"]
[EventDate "2022.??.??"]

1. e4 e6 2. d4 d5 3. e5 c5 4. c3 Nc6 5. Nf3 Bd7 6. a3 c4 7. h4 Na5 8. Nbd2 Ne7
9. g3 Nc8 10. Bh3 Nb6 11. Kf1 Ba4 12. Qe2 h6 13. Kg2 Be7 14. Nf1 Qd7 15. Bf4
O-O-O 16. Re1 Rdg8 17. Bc1 Qd8 18. Ne3 Kb8 19. Ref1 Nd7 20. Ne1 1/2-1/2